000 00401nam a2200157Ia 4500
008 210716s2002 xx 000 0 und d
020 _a8174462902
041 _aeng
082 _a006.37 SINA
100 _aSinghal, Alok.
245 _aProgramming and problem solving through visual basic.
250 _a1
260 _aNew Delhi
_bExcel Books
_c2002
300 _aix,496
650 _aVisual Basic
999 _c184995
_d184995